Hauptstädte der Welt Quiz (mit Karte) - Statistiken

Allgemein
  • Dieses Quiz wurde 378 mal gespielt
  • Das Durchschnittsergebnis liegt bei 115 aus 199
Antworten auf der Karte
Die Antworten werden auf der Karte rot bzw. grün angezeigt, abhängig davon wie oft sie richtig erraten wurden.
 
Antwortstatistiken
Land Hauptstadt % Korrekt
Deutschland Berlin
93%
Frankreich Paris
93%
Vereinigtes Königreich London
92%
Spanien Madrid
92%
Vereinigte Staaten Washington D.C.
92%
Niederlande Amsterdam
91%
Türkei Ankara
91%
Belgien Brüssel
91%
Finnland Helsinki
91%
Polen Warschau
91%
Griechenland Athen
90%
Monaco Monaco
90%
Russland Moskau
90%
Norwegen Oslo
90%
Italien Rom
90%
Schweden Stockholm
90%
Vatikanstadt Vatikanstadt
90%
Schweiz Bern
89%
Portugal Lissabon
89%
Luxemburg Luxemburg
89%
Japan Tokio
89%
Österreich Wien
89%
Irland Dublin
88%
Ukraine Kiew
88%
Brasilien Brasília
87%
Dänemark Kopenhagen
87%
Tschechien Prag
87%
San Marino San Marino
87%
Bulgarien Sofia
87%
China Peking
86%
Lettland Riga
86%
Mexiko Mexiko-Stadt
85%
Ungarn Budapest
84%
Rumänien Bukarest
84%
Ägypten Kairo
84%
Serbien Belgrad
83%
Kanada Ottawa
83%
Südkorea Seoul
83%
Kroatien Zagreb
83%
Island Reykjavík
82%
Israel Jerusalem
80%
Australien Canberra
79%
Belarus Minsk
79%
Indien Neu-Delhi
79%
Liechtenstein Vaduz
79%
Argentinien Buenos Aires
78%
Slowenien Ljubljana
78%
Tunesien Tunis
78%
Malta Valletta
78%
Algerien Algier
77%
Estland Tallinn
77%
Litauen Vilnius
77%
Nordkorea Pjöngjang
76%
Bosnien und Herzegowina Sarajevo
76%
Albanien Tirana
76%
Thailand Bangkok
75%
Slowakei Bratislava
74%
Andorra Andorra la Vella
73%
Kuba Havanna
73%
Peru Lima
73%
Moldawien Chișinău
72%
Südafrika Kapstadt
72%
Uruguay Montevideo
72%
Singapur Singapur
72%
Vereinigte Arabische Emirate Abu Dhabi
71%
Indonesien Jakarta
71%
Chile Santiago
71%
Vietnam Hanoi
70%
Kosovo Priština
70%
Iran Teheran
70%
Saudi-Arabien Riad
68%
Taiwan Taipeh
68%
Kenia Nairobi
67%
Zypern Nikosia
67%
Nordmazedonien Skopje
67%
Irak Bagdad
66%
Kolumbien Bogotá
66%
Panama Panama-Stadt
66%
Philippinen Manila
65%
Neuseeland Wellington
65%
Libanon Beirut
64%
Pakistan Islamabad
64%
Montenegro Podgorica
64%
Marokko Rabat
64%
Mongolei Ulaanbaatar
64%
Afghanistan Kabul
63%
Malaysia Kuala Lumpur
63%
Syrien Damaskus
62%
Kuwait Kuwait-Stadt
62%
Malediven Malé
62%
El Salvador San Salvador
62%
Guatemala Guatemala- Stadt
61%
Ecuador Quito
61%
Aserbaidschan Baku
60%
Katar Doha
60%
Nepal Kathmandu
60%
Georgien Tiflis
59%
Venezuela Caracas
58%
Bangladesch Dhaka
58%
Kasachstan Astana
57%
Äthiopien Addis Abeba
56%
Senegal Dakar
56%
Bolivien La Paz
55%
Namibia Windhoek
55%
Armenien Jerewan
54%
Jamaika Kingston
54%
St. Vincent und die Grenadinen Kingstown
54%
Jordanien Amman
53%
Paraguay Asunción
53%
Südafrika Pretoria
52%
Bahamas Nassau
51%
Kambodscha Phnom Penh
51%
Bolivien Sucre
51%
Ghana Accra
50%
Dschibuti Dschibuti
50%
Angola Luanda
50%
Bahrain Manama
50%
Kirgisistan Bischkek
49%
Osttimor Dili
49%
Sri Lanka Sri Jayawarden- epura Kotte
49%
Jemen Sanaa
49%
Guinea-Bissau Bissau
48%
Kongo (Dem. Rep.) Kinshasa
48%
Haiti Port-au-Prince
48%
Costa Rica San José
48%
Guyana Georgetown
47%
Oman Maskat
47%
Libyen Tripolis
47%
Turkmenistan Aşgabat
46%
Madagaskar Antananarivo
45%
Somalia Mogadischu
45%
São Tomé und Príncipe São Tomé
45%
Tadschikistan Duschanbe
44%
Kongo (Rep.) Brazzaville
43%
Trinidad und Tobago Port-of-Spain
43%
Dominikanische Republik Santo Domingo
42%
Usbekistan Taschkent
42%
Bhutan Thimphu
42%
Seychellen Victoria
42%
Sierra Leone Freetown
41%
Togo Lomé
41%
Laos Vientiane
41%
Nigeria Abuja
40%
Uganda Kampala
39%
Papua-Neuguinea Port Moresby
39%
Eritrea Asmara
38%
Sudan Khartum
38%
Liberia Monrovia
38%
Mauritius Port Louis
38%
Südafrika Bloemfontein
37%
Simbabwe Harare
37%
Kamerun Jaundé
37%
Burkina Faso Ouagadougou
37%
Fidschi Suva
37%
Belize Belmopan
36%
Tansania Dodoma
36%
Südsudan Juba
36%
Gabun Libreville
36%
Sambia Lusaka
36%
Benin Porto-Novo
36%
Brunei Bandar Seri Begawan
35%
Suriname Paramaribo
35%
Guinea Conakry
34%
Botswana Gaborone
34%
Nicaragua Managua
34%
Komoren Moroni
34%
Elfenbeinküste Yamoussoukro
34%
Ruanda Kigali
33%
Malawi Lilongwe
33%
Mosambik Maputo
33%
Kap Verde Praia
33%
Zentralafrikanische Republik Bangui
32%
Niger Niamey
32%
Gambia Banjul
31%
Tschad N'Djamena
31%
Mali Bamako
30%
Barbados Bridgetown
30%
Burundi Gitega
30%
Lesotho Maseru
30%
Vanuatu Port Vila
30%
Dominica Roseau
30%
Nauru Yaren
30%
Tuvalu Funafuti
29%
Eswatini Mbabane
29%
Myanmar Naypyidaw
29%
Antigua und Barbuda Saint John's
29%
Mauretanien Nouakchott
28%
Grenada Saint George's
28%
Samoa Apia
27%
St. Lucia Castries
27%
Honduras Tegucigalpa
27%
Palau Ngerulmud
26%
Kiribati South Tarawa
26%
Mikronesien Palikir
25%
St. Kitts und Nevis Basseterre
24%
Salomonen Honiara
24%
Tonga Nukuʻalofa
24%
Marshallinseln Majuro
22%
Äquatorial-Guinea Ciudad de la Paz
11%
Keine übereinstimmenden Quizze gefunden
Verteilung der Resultate
Anzahl Personen mit jedem Resultat
Perzentil nach korrekt beantworteten Fragen
Ihre Resultats-Entwicklung
Sie haben dieses Quiz noch nicht gespielt